Vibration viscosimetry and a numerical method for determining gelation dynamics; Journal of Applied and Industrial Mathematics; Vol. 10, iss. 4

Détails bibliographiques
Parent link:Journal of Applied and Industrial Mathematics.— , 2007-
Vol. 10, iss. 4.— 2016.— [P. 474–481]
Auteur principal: Galkin V. M. Vladislav Mikhailovich
Collectivité auteur: Национальный исследовательский Томский политехнический университет Институт природных ресурсов Кафедра геологии и разработки нефтяных месторождений
Autres auteurs: Bogoslovsky A. V. Andrey Vladimirovich, Volkov Yu. S. Yury Stepanovich
Résumé:Title screen
Under consideration are the equations describing the movement of a vibration sensor probe in a viscoelastic medium during. A method is proposed for performing experiments and processing the experimental data for simultaneous determination of viscosity and elasticity. Some test calculations using the model case are presented.
Режим доступа: по договору с организацией-держателем ресурса
Langue:anglais
Publié: 2016
Sujets:
Accès en ligne:http://dx.doi.org/10.1134/S1990478916040037
Format: Électronique Chapitre de livre
KOHA link:https://koha.lib.tpu.ru/cgi-bin/koha/opac-detail.pl?biblionumber=652428

MARC

LEADER 00000naa0a2200000 4500
001 652428
005 20250402110501.0
035 |a (RuTPU)RU\TPU\network\17730 
035 |a RU\TPU\network\17729 
090 |a 652428 
100 |a 20161223d2016 k||y0rusy50 ba 
101 0 |a eng 
135 |a drcn ---uucaa 
181 0 |a i  
182 0 |a b 
200 1 |a Vibration viscosimetry and a numerical method for determining gelation dynamics  |f V. M. Galkin, A. V. Bogoslovsky, Yu. S. Volkov 
203 |a Text  |c electronic 
300 |a Title screen 
330 |a Under consideration are the equations describing the movement of a vibration sensor probe in a viscoelastic medium during. A method is proposed for performing experiments and processing the experimental data for simultaneous determination of viscosity and elasticity. Some test calculations using the model case are presented. 
333 |a Режим доступа: по договору с организацией-держателем ресурса 
461 |t Journal of Applied and Industrial Mathematics  |d 2007- 
463 |t Vol. 10, iss. 4  |v [P. 474–481]  |d 2016 
610 1 |a электронный ресурс 
610 1 |a труды учёных ТПУ 
610 1 |a вибрация 
610 1 |a вискозометрия 
610 1 |a численный метод 
610 1 |a гелеобразование 
700 1 |a Galkin  |b V. M.  |c Geologist  |c Associate Professor of Tomsk Polytechnic University, Candidate of physical and mathematical sciences  |f 1955-  |g Vladislav Mikhailovich  |3 (RuTPU)RU\TPU\pers\31674  |9 15811 
701 1 |a Bogoslovsky  |b A. V.  |g Andrey Vladimirovich 
701 1 |a Volkov  |b Yu. S.  |g Yury Stepanovich 
712 0 2 |a Национальный исследовательский Томский политехнический университет  |b Институт природных ресурсов  |b Кафедра геологии и разработки нефтяных месторождений  |3 (RuTPU)RU\TPU\col\18657  |9 27110 
801 2 |a RU  |b 63413507  |c 20161223  |g RCR 
856 4 |u http://dx.doi.org/10.1134/S1990478916040037 
942 |c CF